000 01330nam a22003857a 4500
003 CHAP
005 20220329134532.0
008 971013s1973 us r 00010 eng d
010 _a21798
011 _a22770
035 _a26865
040 _cCHAP
082 0 4 _a519.5
_bC5 1973
100 0 0 _aClelland, Richard C.
_923754
245 1 _aBasic statistics with business applications
250 _a2 ed.
260 _aNew York :
_bWiley,
_c1973
300 _a691 p.
490 _aWiley series in probability and mathematical statistics
590 _aBATCH-UPD
_b10
_c20130109
_lUCH01
_h2322
590 _aBATCH-UPD
_b10
_c20130110
_lUCH01
_h0147
590 _aBATCH-UPD
_b10
_c20130110
_lUCH01
_h1627
590 _aBATCH-UPD
_b10
_c20130410
_lUCH01
_h1020
590 _aBATCH-UPD
_b10
_c20130914
_lUCH01
_h0752
590 _aCONVERSION
_b10
_c20130109
_lUCH01
_h1313
650 1 4 _aEstadística.
_938241
650 1 4 _aNegocios
_xMétodos estadísticos.
_980698
700 0 _aBrown, Francis E.
_915643
700 0 _aDe Cani, John S.
_931386
830 0 _aWiley series in probability and mathematical statistics
_9121943
901 _aBK
942 _cLIBRO
949 _a519.5 C5 1973
_bBC
_cLIBRO
_d33724000410148
_eLIBRO
_h1136
_i26865
_si
_t200.00
949 _a519.5 C5 1973
_bBC
_cLIBRO
_d33724000410155
_eLIBRO
_fc.2
_h1150
_i26865
_si
_t200.00
999 _c21798
_d21798